Studentský podpůrný spolek Radhošť

Titel: Studentský podpůrný spolek Radhošť
Verfasser:
In: JUDr. Václav Kounic a jeho doba, (2009), Seite 327-336
alle Artikel anzeigen
Veröffentlicht: 2009
Format: Aufsatz
Sprache: Tschechisch
Kein Bild verfügbar
X
alg: 39336431
001A    $01999:12-11-16 
001B    $01999:28-04-17 $t15:47:46.000 
001D    $01999:12-11-16 
001U    $0utf8 
001X    $00 
002@    $0Aox 
003@    $0393364313 
007A    $0393364313 $aHEB 
007T    $0Herdpp153504 
010@    $acze 
011@    $a2009 
021A    $aStudentský podpůrný spolek Radhošť 
028A    $aPokorný $dJiří 
031A    $h327-336 $j2009 
037A    $aRés. něm. s. 333: Der studentische Subsidiärverein Radhošť 
039B    $aIn $8--Aau--. JUDr. Václav Kounic a jeho doba. - Vyd. 1.. - Brno : Matice Moravská {[u.a.], 2009. - 359, XLVIII S.. - Ill.. - ISBN 978-80-86488-61-5 $x200900000000000673 $9245963596 

lok: 39336431 78

exp: 39336431 78 1 #EPN
201B/01 $028-05-18 $t22:45:47.000 
201U/01 $0utf8 
203@/01 $0789474700 
208@/01 $a12-11-16 $be 
209A/01 $a/ $f000 $x00 
220C/01 $aHerkunft: Hú Av Čr Praha 
244Z/01 $#Tschechien $#Tschechische Republik $#Tschechische Republik $#Tschechenland $#Tschechei Tschechien $#Česká Republika $#Czech Republic $#ČR $74303381-7 $8--Tg1--Tschechien $x01 $9086659812 
244Z/01 $2Trx $#Böhmen $#Bohemia $#Czechy $8--Trx--Čechy $x02 $9391188941 
244Z/01 $2Trx $#Silesia $#Śląsk $#Sliezsko $#Slezsko $8--Trx--Schlesien $x03 $9391173987 
244Z/01 $#Prag $#Hlavni Město Praha $#Hauptstadt Prag $#Prag Kraj $#Bezirk Prag $#Praha $#Prague $#Praga $#Praag $74076310-9 $8--Tg1--Prag $x04 $9085216283 
244Z/01 $#Mähren $#Markgrafschaft Mähren $#Kronland Mähren $#Morava $#Markrabství Moravské $#Moravia $#Mehren $#מעהרין $#מדינת מעהרין $74074432-2 $8--Tg1--Mähren $x05 $9085209619 
244Z/01 $aGeschichte 1869-1906 $x06 
244Z/01 $aspolky studentské $x07 
244Z/01 $aspolky podpůrné $x08 
244Z/01 $2Trx $8--Trx--Einzelbeiträge $x09 $9391384570 
247C/01 $82080>Marburg/Lahn, Herder-Institut, Forschungsbibliothek, Bibliographieportal $9336309341
LEADER 00000caa a22000002c 4500
001 393364313
003 DE-603
005 20170428154746.0
007 tu
008 161112s2009 xx |||| | u00||u|cze c
035 |a (DE-599)HEB393364313 
040 |a DE-603  |b ger  |c DE-603  |d DE-603 
041 |a cze 
100 1 |a Pokorný, Jiří 
245 0 0 |a Studentský podpůrný spolek Radhošť 
264 0 |c 2009 
500 |a Rés. něm. s. 333: Der studentische Subsidiärverein Radhošť 
773 0 8 |i In  |t JUDr. Václav Kounic a jeho doba  |b Vyd. 1.  |d Brno : Matice Moravská ˜[u.a.], œ2009  |h 359, XLVIII S., Ill.  |z 9788086488615  |z 8086488616  |g (2009), Seite 327-336  |w (DE-603)245963596 
924 0 |9 2080  |a (DE-603)789474700  |b DE-2080  |c HES  |d d  |g /